Prénoms des rappeurs français - Statistiques

Statistiques générales
  • Ce quiz a été pris 78 fois
  • Le résultat moyen est 5 sur 15
Statistiques - réponses
Rappeur Vrai prénom % Correct
Tayc Julien
71%
SCH Julien
71%
Tiakola William
63%
Booba Elie
61%
Koba LaD Marcel
36%
Gims Gandhi
34%
Werenoi Jérémy
29%
La Fouine Laouni
27%
Maes Walid
27%
Nono la Grinta Noé
14%
Gazo Ibrahima
13%
Rohff Housni
11%
SDM Leonard
10%
Niska Georges
9%
La Mano 1.9 Ulrich
3%
Aucun quiz correspondant
Distribution des résultats
% des personnes avec chaque résultat
Percentile par nombre de réponses
Votre historique - résultats
Vous n’avez pas pris ce quiz